000 01553cam a22003134a 4500
005 20070125171906.0
008 000322s2001 nyuab | b 001 0 eng
010 _aB-355139
020 _a8123908679
_c280.00
035 _aB-355139
037 _bUBH
040 _adpl
_bEnglish
082 _a658.404
100 _aKerzner, Harold
245 _aProject management :
_ba systems approach to planning, scheduling, and controlling /
_cby Harold Kerzner
250 _a2nd ed.
260 _aNew Delhi
_bCBS Publishers
_c2004 (repr.)
270 _a4596/1-A, 11 Darya Ganj
_bNew Delhi
_e110002
300 _axiv, 937 p. :
_c22 cm.(pbk)
_bill.
504 _aIncludes bibliographical references and indexes.
650 _aProject management.
856 _3Table of Contents
_uhttp://www.loc.gov/catdir/toc/onix06/00036802.html
856 _3Contributor biographical information
_uhttp://www.loc.gov/catdir/enhancements/fy0706/00036802-b.html
856 _3Publisher description
_uhttp://www.loc.gov/catdir/enhancements/fy0706/00036802-d.html
942 _2ddc
_cEN
_h658.404
_mKER
999 _c28947
_d28947